[Event "Titled Tue 3rd Jun Early"]
[Site "chess.com INT"]
[Date "2025.06.03"]
[Round "2"]
[White "Sickmann, Lisa"]
[Black "Ser, Daniel"]
[Result "0-1"]
[WhiteTitle "WFM"]
[BlackTitle "CM"]
[WhiteElo "1970"]
[BlackElo "2005"]
[WhiteFideId "16267818"]
[BlackFideId "12829404"]
[EventDate "2025.06.03"]

1. d4 Nf6 2. c4 e5 3. dxe5 Ng4 4. Nf3 Bc5 5. e3 Nc6 6. Nc3 O-O 7. Be2 Ncxe5 8.
Nxe5 Nxe5 9. O-O Re8 10. b3 a5 11. Bb2 Ra6 12. Ne4 Ba7 13. c5 Rh6 14. Qd4 d6 15.
f4 Qh4 16. fxe5 Rxe5 17. h3 Qxe4 18. Qxe4 Rxe4 19. Bc4 Be6 20. Bxe6 Rhxe6 21.
cxd6 Bxe3+ 22. Kh1 cxd6 23. Rad1 Bc5 24. Rd5 Re2 25. Rb1 h6 26. a4 Rg6 27. g4
Rge6 28. Bc3 R6e3 29. Bd4 Rxh3+ 30. Kg1 Rd2 31. Re1 Bxd4+ 0-1

[Event "Titled Tue 3rd Jun Early"]
[Site "chess.com INT"]
[Date "2025.06.03"]
[Round "2"]
[White "Velikanov, Alexander"]
[Black "Gbiorczyk, Mikolaj"]
[Result "1/2-1/2"]
[WhiteTitle "IM"]
[BlackTitle "CM"]
[WhiteElo "2372"]
[BlackElo "2191"]
[WhiteFideId "2039290"]
[BlackFideId "21080763"]
[EventDate "2025.06.03"]

1. e4 c6 2. d4 d5 3. exd5 cxd5 4. Bd3 Nc6 5. c3 Qc7 6. Na3 a6 7. Nc2 Nf6 8. h3
g6 9. Nf3 Bf5 10. Bxf5 gxf5 11. O-O e6 12. Nce1 Bd6 13. Nd3 Rg8 14. Kh1 O-O-O
15. Bg5 Be7 16. Bxf6 Bxf6 17. b4 Kb8 18. a4 Rc8 19. b5 Na5 20. bxa6 bxa6 21.
Nfe5 Bxe5 22. dxe5 Qxc3 23. Qe2 Qc2 24. Qe3 Nc4 25. Qd4 Ka8 26. Rfc1 Qd2 27.
Rab1 Rb8 28. Qc5 Qxd3 29. Qc6+ Ka7 30. Qc7+ Ka8 31. Qc6+ Ka7 32. Qd7+ Ka8 33.
Qc6+ 1/2-1/2

[Event "Titled Tue 3rd Jun Early"]
[Site "chess.com INT"]
[Date "2025.06.03"]
[Round "2"]
[White "Salimova, Asal"]
[Black "Bratovic, Blaz"]
[Result "0-1"]
[WhiteTitle "WCM"]
[BlackTitle "IM"]
[WhiteElo "2003"]
[BlackElo "2319"]
[WhiteFideId "14204940"]
[BlackFideId "14603551"]
[EventDate "2025.06.03"]

1. d4 f5 2. c4 Nf6 3. Nc3 e6 4. g3 d5 5. Bg2 Bd6 6. c5 Be7 7. b4 O-O 8. Bf4 Ne4
9. Nxe4 fxe4 10. f3 exf3 11. exf3 b6 12. Ne2 a5 13. a3 axb4 14. axb4 Rxa1 15.
Qxa1 Ba6 16. Kf2 Bxe2 17. Kxe2 Nc6 18. Qc3 bxc5 19. bxc5 Bf6 20. Rd1 Qa8 21.
Bxc7 Qa4 22. Be5 Bxe5 23. dxe5 d4 24. Qd3 Rd8 25. f4 Nb4 26. Qc4 d3+ 27. Ke1
Nc2+ 28. Kf2 Qxc4 29. Rd2 Qxc5+ 30. Kf1 Qe3 31. Rf2 d2 32. Bf3 d1=Q+ 33. Bxd1
Rxd1+ 34. Kg2 Ne1+ 35. Kh3 Qxf2 0-1

[Event "Titled Tue 3rd Jun Early"]
[Site "chess.com INT"]
[Date "2025.06.03"]
[Round "2"]
[White "Gutierrez Olivares, Daniel"]
[Black "Gonzalez Vega, Alejandro"]
[Result "1-0"]
[WhiteTitle "FM"]
[BlackTitle "FM"]
[WhiteElo "2354"]
[BlackElo "2092"]
[WhiteFideId "2264005"]
[BlackFideId "3510042"]
[EventDate "2025.06.03"]

1. c4 e5 2. g3 Nc6 3. Bg2 Bc5 4. Nc3 d6 5. e3 a6 6. Nge2 Ba7 7. b3 h5 8. h4 Bg4
9. Bb2 Nf6 10. d3 Qe7 11. Qd2 Nd8 12. d4 e4 13. Qc2 Bf5 14. Nf4 c6 15. Ba3 Ne6
16. Nh3 Nc7 17. Ng5 Rd8 18. Bh3 Bg6 19. Bg2 b5 20. Ncxe4 O-O 21. Nxf6+ Qxf6 22.
Qd2 c5 23. O-O cxd4 24. exd4 1-0

[Event "Titled Tue 3rd Jun Early"]
[Site "chess.com INT"]
[Date "2025.06.03"]
[Round "2"]
[White "Skatchkov, Pavel"]
[Black "Todorovic, Bojan"]
[Result "1-0"]
[WhiteTitle "GM"]
[BlackTitle "FM"]
[WhiteElo "2457"]
[BlackElo "2111"]
[WhiteFideId "4121848"]
[BlackFideId "917087"]
[EventDate "2025.06.03"]

1. d4 g6 2. e4 Bg7 3. Nc3 d6 4. Be3 a6 5. g4 Nd7 6. h4 b6 7. Bg2 Bb7 8. h5 e6 9.
Nge2 g5 10. Qd2 h6 11. O-O-O Ngf6 12. f3 Qe7 13. Rhg1 O-O-O 14. Bh1 d5 15. e5
Ne8 16. f4 f6 17. exf6 Bxf6 18. fxg5 Bxg5 19. Bxg5 Qxg5 20. Qxg5 hxg5 21. Rdf1
Nef6 22. Kb1 Rdf8 23. Nc1 e5 24. dxe5 Nxe5 25. Rf5 Nfxg4 26. Rxg5 d4 27. Bxb7+
Kxb7 28. N3e2 Rfg8 29. Rxg8 Rxg8 30. Nd3 Rh8 31. Nxe5 Nxe5 32. Rg5 Nf3 33. Rf5
Nd2+ 34. Kc1 Ne4 35. Re5 Nf6 36. Nf4 Rh7 37. Kd2 c5 38. Re6 Ng4 39. Kd3 b5 40.
Ke4 Nf2+ 41. Kd5 Rc7 42. h6 Nd1 43. Rg6 Ne3+ 44. Ke4 Nc4 45. Rg7 Nd6+ 46. Kd5
Ne8 1-0

[Event "Titled Tue 3rd Jun Early"]
[Site "chess.com INT"]
[Date "2025.06.03"]
[Round "2"]
[White "Purtseladze, Maka"]
[Black "Yevchenko, Oleksandr"]
[Result "1-0"]
[WhiteTitle "IM"]
[BlackTitle "CM"]
[WhiteElo "2261"]
[BlackElo "2276"]
[WhiteFideId "13602659"]
[BlackFideId "14108267"]
[EventDate "2025.06.03"]

1. d4 Nf6 2. c4 e6 3. Nf3 d5 4. Nc3 c6 5. e3 Nbd7 6. Qc2 Be7 7. g4 h6 8. Bd2
dxc4 9. Bxc4 b5 10. Be2 a6 11. Rg1 Bb7 12. h4 c5 13. g5 Nd5 14. Nxd5 exd5 15.
gxh6 gxh6 16. dxc5 Nxc5 17. Qf5 Qd7 18. Nd4 Qxf5 19. Nxf5 Rc8 20. Bc3 Rf8 21.
Bg7 Rg8 22. Nxh6 Rxg7 23. Rxg7 Bf8 24. Rh7 Ne6 25. Nxf7 Rc7 26. Ng5 Rxh7 27.
Nxh7 Bg7 28. O-O-O Kf7 29. Ng5+ Kf6 30. Nxe6 Kxe6 31. Bg4+ Ke5 32. Bf3 Bc8 33.
Rxd5+ Ke6 34. Rg5 Bh6 35. Bg4+ 1-0

[Event "Titled Tue 3rd Jun Early"]
[Site "chess.com INT"]
[Date "2025.06.03"]
[Round "2"]
[White "Jumabayev, Rinat"]
[Black "Injac, Teodora"]
[Result "1-0"]
[WhiteTitle "GM"]
[BlackTitle "IM"]
[WhiteElo "2551"]
[BlackElo "2474"]
[WhiteFideId "13702661"]
[BlackFideId "932400"]
[EventDate "2025.06.03"]

1. Nf3 Nf6 2. g3 g6 3. c4 Bg7 4. Bg2 O-O 5. d4 d6 6. Nc3 Nc6 7. d5 Na5 8. b3 c5
9. Bb2 a6 10. O-O b5 11. cxb5 axb5 12. Nxb5 Ba6 13. Nc3 Rb8 14. Rb1 Rb4 15. Nd2
Qb8 16. Ba1 Rc8 17. h3 h5 18. a3 Rb7 19. Re1 Qa7 20. b4 cxb4 21. axb4 Nd7 22.
Nde4 Rcb8 23. Qa4 f5 24. bxa5 fxe4 25. Rxb7 Rxb7 26. Nxe4 Bxa1 27. Qxa1 Ne5 28.
Ng5 1-0

[Event "Titled Tue 3rd Jun Early"]
[Site "chess.com INT"]
[Date "2025.06.03"]
[Round "2"]
[White "Panda, Sambit"]
[Black "Madaminov, Mukhiddin"]
[Result "0-1"]
[WhiteTitle "IM"]
[BlackTitle "GM"]
[WhiteElo "2369"]
[BlackElo "2520"]
[WhiteFideId "25091794"]
[BlackFideId "14210703"]
[EventDate "2025.06.03"]

1. Nf3 Nf6 2. d4 b6 3. g3 Bb7 4. Bg2 g6 5. O-O Bg7 6. b3 O-O 7. Bb2 c5 8. c4 e6
9. Nc3 Ne4 10. e3 Nxc3 11. Bxc3 Be4 12. Rc1 d6 13. Qd2 Nc6 14. Rfd1 Qe7 15. Re1
Rfd8 16. d5 Bxc3 17. Rxc3 exd5 18. cxd5 Nb4 19. Rc4 b5 20. Rxb4 cxb4 21. Nd4
Bxg2 22. Kxg2 Qe4+ 23. Kg1 Qxd5 24. Qxb4 a6 25. Rd1 Rac8 26. Qa5 Qb7 27. h4 h5
28. Kh2 Rd7 29. Qd2 Rdc7 30. Qd3 Rc3 31. Qe2 Qe4 32. Qb2 b4 33. Qe2 a5 34. Qb5
Qe5 35. Qe2 R8c5 36. Rd2 Kg7 37. Nf3 Qf6 38. Qd1 Rc1 39. Qe2 Ra1 40. Kg2 Rcc1
41. Rd4 Rh1 42. Rf4 Qe6 43. Nh2 0-1

[Event "Titled Tue 3rd Jun Early"]
[Site "chess.com INT"]
[Date "2025.06.03"]
[Round "2"]
[White "Matyassy, Lazar"]
[Black "Kleimenov, Nikolay"]
[Result "1-0"]
[WhiteTitle "FM"]
[BlackTitle "CM"]
[WhiteElo "2211"]
[BlackElo "2198"]
[WhiteFideId "17005167"]
[BlackFideId "34414223"]
[EventDate "2025.06.03"]

1. h3 d5 2. a3 Nf6 3. e3 g6 4. Nf3 Bg7 5. Be2 O-O 6. O-O c5 7. c4 d4 8. d3 Nc6
9. exd4 Nxd4 10. Nxd4 Qxd4 11. Nc3 a6 12. Be3 Qd6 13. Na4 b6 14. b4 Nd7 15. Rb1
Ra7 16. Bf3 Bd4 17. Bh6 Rd8 18. Qe2 Ne5 19. Bf4 Nxf3+ 20. Qxf3 Qd7 21. Nxb6 Qe6
22. Na4 cxb4 23. Rxb4 Bd7 24. Rfb1 Bc6 25. Qg3 Qe2 26. Rb8 Rxb8 27. Rxb8+ Kg7
28. Qh4 Qh5 29. Bh6+ Qxh6 30. Qxd4+ f6 31. Qxa7 Qc1+ 32. Kh2 Qf4+ 33. g3 Qf3 34.
Qxe7+ Kh6 35. Qe3+ Qxe3 36. fxe3 Bxa4 37. d4 Kg5 38. c5 Kf5 39. Rb6 Ke4 40. c6
Kd5 41. c7 Bd7 42. Rxf6 a5 43. Ra6 a4 44. Rxa4 Bxa4 45. c8=Q Ke4 46. Qe6+ Kd3
47. Qa6+ Kxe3 48. Qxa4 h5 49. Qb4 h4 50. gxh4 g5 51. hxg5 Ke4 52. g6 Kd5 53. g7
Ke4 54. g8=Q Kd3 55. Qg3+ Ke4 56. Qe7+ Kd5 57. Qc5+ Ke4 58. Qce5# 1-0

[Event "Titled Tue 3rd Jun Early"]
[Site "chess.com INT"]
[Date "2025.06.03"]
[Round "2"]
[White "Molina, Roberto Junio Brito"]
[Black "Kawka, Milena"]
[Result "1-0"]
[WhiteTitle "IM"]
[BlackTitle "WCM"]
[WhiteElo "2381"]
[BlackElo "2004"]
[WhiteFideId "2109450"]
[BlackFideId "21095167"]
[EventDate "2025.06.03"]

1. d4 Nf6 2. c4 e6 3. Nf3 Bb4+ 4. Bd2 a5 5. a3 Bxd2+ 6. Qxd2 d6 7. Nc3 Nbd7 8.
e4 e5 9. d5 a4 10. Qc2 Nc5 11. Nd2 O-O 12. Be2 Qe7 13. O-O Ne8 14. Rae1 f5 15.
f4 fxe4 16. fxe5 Rxf1+ 17. Rxf1 Qxe5 18. Ndxe4 Bf5 19. Bd3 Qd4+ 20. Kh1 Qxd3 21.
Qxd3 Nxd3 22. Rxf5 Nxb2 23. Nd2 Nf6 24. Kg1 Re8 25. Rf1 Nd3 26. Rb1 b6 27. Nxa4
Ra8 28. Nc3 Rxa3 29. Nb5 Ra2 30. Nf3 Nf4 31. g3 Nh3+ 32. Kh1 Ng4 33. Re1 Ngf2+
34. Kg2 Nd3+ 35. Kxh3 Nxe1 36. Nxe1 Re2 37. Nf3 Rc2 38. Nxc7 Rxc4 39. Nb5 Rc5
40. Nxd6 Rxd5 41. Ne4 b5 42. Kg2 b4 43. Nfd2 Rd3 44. Kf2 Rd7 45. Ke3 Rb7 46. Nb3
Kf8 47. Kd4 Ke7 48. Nec5 Rb8 49. Kc4 Kd6 50. Nd3 Ke6 51. Nd4+ Kf6 52. h3 Kg5 53.
Nc6 Rc8 54. Nxb4 Kf5 55. Kd4 g5 56. Ne7+ Ke6 57. Nxc8 1-0

[Event "Titled Tue 3rd Jun Early"]
[Site "chess.com INT"]
[Date "2025.06.03"]
[Round "2"]
[White "Laddha, Shubh Jayesh"]
[Black "Demchenko, Anton"]
[Result "0-1"]
[WhiteTitle "FM"]
[BlackTitle "GM"]
[WhiteElo "2303"]
[BlackElo "2619"]
[WhiteFideId "30942799"]
[BlackFideId "4160258"]
[EventDate "2025.06.03"]

1. e4 d6 2. d4 Nf6 3. Nc3 e5 4. Nge2 c6 5. g3 Be7 6. Bg2 b5 7. O-O O-O 8. a3 Bb7
9. h3 h5 10. Be3 a5 11. f4 Nbd7 12. Qd2 Re8 13. Rae1 Bf8 14. Bf2 b4 15. Na4 Ba6
16. Kh2 Bb5 17. b3 Qc7 18. axb4 axb4 19. Nb2 exf4 20. Qxf4 Ra2 21. Nc4 Bxc4 22.
bxc4 Rxc2 23. d5 c5 24. Nc1 Ne5 25. Be3 Qe7 26. Qg5 Rxc4 27. Nb3 Rc2 28. Na5 Nd3
29. Nc6 Qxe4 30. Rg1 Qxd5 31. Rd1 Qxg5 32. Bxg5 c4 0-1

[Event "Titled Tue 3rd Jun Early"]
[Site "chess.com INT"]
[Date "2025.06.03"]
[Round "2"]
[White "Sagalchik, Gennadij"]
[Black "Coe, William"]
[Result "0-1"]
[WhiteTitle "GM"]
[WhiteElo "2434"]
[BlackElo "2078"]
[WhiteFideId "2007916"]
[BlackFideId "30913624"]
[EventDate "2025.06.03"]

1. d4 Nf6 2. Nc3 d5 3. Bg5 Nbd7 4. f3 h6 5. Bh4 c5 6. e3 cxd4 7. exd4 e6 8. Qd2
Be7 9. Bd3 a6 10. Nge2 b5 11. Nd1 Bb7 12. Nf2 Rc8 13. O-O O-O 14. Kh1 Nh5 15.
Bxe7 Qxe7 16. g4 Nhf6 17. a4 e5 18. axb5 axb5 19. Ng3 e4 20. fxe4 dxe4 21. Qe3
b4 22. Kg1 Nb6 23. Ngxe4 Nxe4 24. Bxe4 Rfe8 25. Rae1 Nd5 26. Bxd5 Qxe3 27. Rxe3
Rxe3 28. Bxb7 Rxc2 29. d5 Rd2 30. Bc6 Kf8 31. Nh1 Rb3 32. Rf2 Rbxb2 33. d6 Rb1+
34. Kg2 Rxd6 35. Be4 Rc1 36. Ng3 b3 37. Nf5 Rdd1 38. Rb2 Rc3 0-1

[Event "Titled Tue 3rd Jun Early"]
[Site "chess.com INT"]
[Date "2025.06.03"]
[Round "2"]
[White "Haussernot, Cecile"]
[Black "Martinez Romero, Martin"]
[Result "1-0"]
[WhiteTitle "WIM"]
[BlackTitle "IM"]
[WhiteElo "2108"]
[BlackElo "2384"]
[WhiteFideId "601632"]
[BlackFideId "4404025"]
[EventDate "2025.06.03"]

1. e4 c5 2. Nf3 e6 3. d4 cxd4 4. Nxd4 Nf6 5. Nc3 d6 6. g4 Nc6 7. g5 Nd7 8. h4 a6
9. Be3 Qc7 10. Qd2 b5 11. a3 Bb7 12. O-O-O Rc8 13. Kb1 Nde5 14. f4 Nxd4 15. Qxd4
Nc4 16. Bxc4 Qxc4 17. h5 Qxd4 18. Bxd4 Rg8 19. Rhg1 Be7 20. h6 gxh6 21. gxh6 Kd7
22. Bg7 Bc6 23. f5 a5 24. f6 Bd8 25. e5 d5 26. Ne4 Bc7 27. Ng5 Ke8 28. Rde1 Bb6
29. Rgf1 b4 30. axb4 axb4 31. Nxh7 b3 32. Ng5 bxc2+ 33. Kc1 d4 34. h7 Kd7 35.
hxg8=Q Rxg8 36. Kxc2 Rc8 37. Nxf7 Ba4+ 38. Kd3 Bc2+ 39. Ke2 d3+ 40. Kf3 d2 41.
Nd6 Rb8 42. f7 Ba5 43. Rd1 Rb3+ 44. Kg2 Bxd1 45. f8=Q Bf3+ 46. Rxf3 d1=Q 47.
Qc8+ 1-0

[Event "Titled Tue 3rd Jun Early"]
[Site "chess.com INT"]
[Date "2025.06.03"]
[Round "2"]
[White "Genkeswaran, Genivan"]
[Black "Nguyen Quang Anh"]
[Result "0-1"]
[WhiteTitle "CM"]
[BlackTitle "CM"]
[WhiteElo "2197"]
[BlackElo "2052"]
[WhiteFideId "5754496"]
[BlackFideId "12432377"]
[EventDate "2025.06.03"]

1. e4 e6 2. d4 d5 3. exd5 exd5 4. c4 c6 5. Nc3 Nf6 6. cxd5 Nxd5 7. Nf3 Bb4 8.
Bd2 O-O 9. Be2 Bg4 10. O-O a5 11. a3 Bd6 12. h3 Bh5 13. Ng5 Bg6 14. Nxd5 cxd5
15. Qb3 Nc6 16. Be3 Nxd4 17. Bxd4 Qxg5 18. Be3 Qe5 19. g3 d4 20. Bf4 Qxe2 21.
Bxd6 Rfd8 22. Bf4 d3 23. Rfe1 Qh5 24. h4 Qf3 25. Re7 b5 26. Rae1 h5 27. R7e3 Qc6
28. Re5 d2 29. Bxd2 Rxd2 30. Qe3 Rdd8 31. b4 axb4 32. axb4 Kh7 33. Qe2 f6 34.
Rc5 Qe8 35. Qxe8 Rxe8 36. Rec1 Bd3 0-1

[Event "Titled Tue 3rd Jun Early"]
[Site "chess.com INT"]
[Date "2025.06.03"]
[Round "2"]
[White "Durarbayli, Vasif"]
[Black "Heimann, Alexander"]
[Result "0-1"]
[WhiteTitle "GM"]
[WhiteElo "2612"]
[BlackElo "2238"]
[WhiteFideId "13402935"]
[BlackFideId "2006073"]
[EventDate "2025.06.03"]

1. e4 c5 2. Nf3 d6 3. d4 cxd4 4. Nxd4 Nf6 5. Nc3 a6 6. Be2 e5 7. Nb3 Be7 8. h4
Nc6 9. g4 Be6 10. g5 Nd7 11. Be3 Rc8 12. Bg4 Na5 13. Bxe6 fxe6 14. Qh5+ g6 15.
Qg4 Nf8 16. h5 Rg8 17. hxg6 Rxg6 18. O-O-O Nc4 19. Kb1 Qc7 20. Rd3 b5 21. a3
Nxe3 22. fxe3 Rxg5 23. Qh3 Qc4 24. Nd2 Qc6 25. Nf3 Rg6 26. Rc1 Qb7 27. Nd2 b4
28. axb4 Qxb4 29. Na2 Qa5 30. Qh2 Rf6 31. Ra3 Qb6 32. Qe2 Rb8 33. Nc4 Qc6 34.
Qd3 Nd7 35. Na5 Qb5 36. Qxb5 Rxb5 37. Nc6 Nc5 38. b4 Rb6 39. Nxe7 Kxe7 40. Rh1
h6 41. Rh4 d5 42. exd5 exd5 43. Kc1 Ne4 44. c4 Rf1+ 45. Kb2 Rf2+ 46. Kc1 Rc6 47.
c5 Ng3 48. Nc3 Nf5 49. Rh5 Nxe3 50. Rxe5+ Re6 51. Rxe3 Rf1+ 0-1

[Event "Titled Tue 3rd Jun Early"]
[Site "chess.com INT"]
[Date "2025.06.03"]
[Round "2"]
[White "Ahmad, Khagan"]
[Black "Elier, Ali"]
[Result "1-0"]
[WhiteTitle "IM"]
[BlackTitle "CM"]
[WhiteElo "2405"]
[BlackElo "2142"]
[WhiteFideId "13431552"]
[BlackFideId "16217543"]
[EventDate "2025.06.03"]

1. d4 Nf6 2. c4 e5 3. dxe5 Ng4 4. e3 Nxe5 5. Nh3 Nbc6 6. Nf4 d6 7. Nc3 g6 8. Be2
Bg7 9. O-O O-O 10. Nfd5 Ne7 11. f4 N5c6 12. e4 Nxd5 13. cxd5 Ne7 14. Be3 f5 15.
g4 fxe4 16. Nxe4 Qe8 17. Bd4 Qf7 18. Bxg7 Qxg7 19. Qd2 Bd7 20. Rae1 Rae8 21. Bc4
Bxg4 22. Ng5 Kh8 23. Qf2 h6 24. Qh4 Bf5 25. Nf3 h5 26. Re2 Nc8 27. Rfe1 Rxe2 28.
Rxe2 Nb6 29. Re7 Qxb2 30. Qg5 Qc1+ 31. Ne1 Qxe1+ 32. Rxe1 Nxc4 33. Qh6+ Kg8 34.
Re7 Rf7 35. Re8+ Rf8 36. Rxf8# 1-0

[Event "Titled Tue 3rd Jun Early"]
[Site "chess.com INT"]
[Date "2025.06.03"]
[Round "2"]
[White "Punin, Andrii"]
[Black "Palmer, Reegan"]
[Result "1-0"]
[WhiteTitle "FM"]
[BlackTitle "CM"]
[WhiteElo "2289"]
[BlackElo "2057"]
[WhiteFideId "14112639"]
[BlackFideId "14322145"]
[EventDate "2025.06.03"]

1. e4 c5 2. Be2 d6 3. f4 a6 4. Nf3 b5 5. c3 Bb7 6. d3 e6 7. O-O d5 8. e5 h5 9.
d4 Nh6 10. Kh1 Nf5 11. g3 Qb6 12. Bd3 g6 13. Bxf5 gxf5 14. Be3 c4 15. a3 a5 16.
Nbd2 Be7 17. Ng5 Nd7 18. Ndf3 Nf8 19. Nh4 Ng6 20. Nxg6 fxg6 21. h3 Kd7 22. Kh2
Bxg5 23. fxg5 b4 24. axb4 axb4 25. Rxa8 Rxa8 26. g4 bxc3 27. bxc3 Qb2+ 28. Bd2
hxg4 29. hxg4 Ra2 30. Rf2 Bc6 31. gxf5 exf5 32. e6+ Ke7 33. Qe2 Qb8+ 34. Kg2 Qh8
35. Kg3 f4+ 36. Rxf4 Qh1 37. Rf7+ Ke8 38. Qf2 Rxd2 39. Rf8+ Ke7 40. Qf7+ Kd6 41.
Rd8+ Bd7 42. Qxd7# 1-0

[Event "Titled Tue 3rd Jun Early"]
[Site "chess.com INT"]
[Date "2025.06.03"]
[Round "2"]
[White "Teimouri Yadkuri, Shahdad"]
[Black "Leon Acevedo, Juan Alejandro"]
[Result "1-0"]
[WhiteTitle "FM"]
[BlackTitle "CM"]
[WhiteElo "2267"]
[BlackElo "2040"]
[WhiteFideId "42515467"]
[BlackFideId "4459261"]
[EventDate "2025.06.03"]

1. e4 c5 2. Nf3 Nc6 3. d4 cxd4 4. Nxd4 Nf6 5. Nc3 e5 6. Ndb5 d6 7. Bg5 a6 8. Na3
b5 9. Nd5 Be7 10. Bxf6 Bxf6 11. c3 Bg5 12. Be2 Rb8 13. O-O O-O 14. Nc2 Be6 15.
Nce3 g6 16. Qc2 f5 17. exf5 gxf5 18. f4 Bh6 19. Rad1 e4 20. a4 Kh8 21. Kh1 Rg8
22. Rd2 Qh4 23. Bd1 Rb7 24. Rdf2 Rbg7 25. axb5 axb5 26. Qe2 b4 27. cxb4 Nd4 28.
Qd2 Bxd5 29. Nxd5 Ne6 30. b5 Nxf4 31. Nxf4 Bxf4 32. Qxf4 1-0

[Event "Titled Tue 3rd Jun Early"]
[Site "chess.com INT"]
[Date "2025.06.03"]
[Round "2"]
[White "Abdsattar, Alisher"]
[Black "Porozhnyak, Maya"]
[Result "1-0"]
[WhiteTitle "CM"]
[BlackTitle "WCM"]
[WhiteElo "2030"]
[BlackElo "1974"]
[WhiteFideId "13749358"]
[BlackFideId "34115843"]
[EventDate "2025.06.03"]

1. e4 c5 2. Nf3 e6 3. d4 cxd4 4. Nxd4 a6 5. Bd3 Nc6 6. Nxc6 dxc6 7. O-O e5 8.
Nc3 Nf6 9. h3 b5 10. f4 Bd6 11. Qe1 O-O 12. Qh4 c5 13. fxe5 Bxe5 14. Bg5 c4 15.
Be2 Re8 16. Rad1 Qb6+ 17. Kh1 Bb7 18. Bf3 Qc7 19. Qe1 Bg3 20. Qe2 Nd7 21. Bh5
Ne5 22. Qe3 Bh2 23. g3 b4 24. Nd5 Bxd5 25. Rxd5 g6 26. Kxh2 gxh5 27. Bf6 Re6 28.
Qh6 Rxf6 29. Qxf6 Ng6 30. Rxh5 Re8 31. Rd5 Qc6 32. Qxc6 1-0

[Event "Titled Tue 3rd Jun Early"]
[Site "chess.com INT"]
[Date "2025.06.03"]
[Round "2"]
[White "Sharankov, Grigory"]
[Black "Leinov, Roman"]
[Result "1-0"]
[WhiteTitle "CM"]
[BlackTitle "CM"]
[WhiteElo "2238"]
[BlackElo "2120"]
[WhiteFideId "4168356"]
[BlackFideId "13504649"]
[EventDate "2025.06.03"]

1. e4 c5 2. Nf3 g6 3. c3 Bg7 4. d4 cxd4 5. cxd4 d5 6. e5 Nc6 7. h3 f6 8. exf6
Nxf6 9. Nc3 O-O 10. Be3 Nh5 11. Rc1 e6 12. Bb5 Qd6 13. Qd2 Ne7 14. Be2 a6 15.
Ne5 Nf5 16. Bxh5 gxh5 17. Bf4 Nh4 18. O-O Qb4 19. Nxd5 Qxd2 20. Ne7+ Kh8 21.
Bxd2 Bxe5 22. dxe5 Bd7 23. Rc7 Bb5 24. Bg5 Nf5 25. Bf6+ Rxf6 26. exf6 Bxf1 27.
Kxf1 Rf8 28. Nxf5 exf5 29. f7 b5 30. Ke2 Kg7 31. Ke3 Rxf7 32. Rxf7+ Kxf7 33. Kd4
Ke6 34. b4 Kd6 35. h4 h6 36. f4 Ke6 37. Kc5 1-0

[Event "Titled Tue 3rd Jun Early"]
[Site "chess.com INT"]
[Date "2025.06.03"]
[Round "2"]
[White "Sapocinic, Semion"]
[Black "Salinas Herrera, Pablo"]
[Result "1-0"]
[WhiteTitle "FM"]
[BlackTitle "GM"]
[WhiteElo "2309"]
[BlackElo "2447"]
[WhiteFideId "13908693"]
[BlackFideId "3407128"]
[EventDate "2025.06.03"]

1. d4 d5 2. c4 e6 3. Nf3 Nf6 4. Nc3 h6 5. Bf4 Bd6 6. Bxd6 Qxd6 7. e3 O-O 8. Qc2
Rd8 9. Be2 dxc4 10. Bxc4 c5 11. O-O cxd4 12. Nxd4 Bd7 13. Rfd1 Qb6 14. Qb3 Qxb3
15. Bxb3 Nc6 16. Ncb5 Nxd4 17. Nxd4 Rdc8 18. Rac1 Kf8 19. Kf1 Ke7 20. Ke1 g5 21.
f3 h5 22. Ne2 h4 23. Rxc8 Rxc8 24. Rc1 Rb8 25. Kf2 Ne8 26. g3 hxg3+ 27. hxg3 a5
28. g4 a4 29. Bc2 Nd6 30. Bd3 Rh8 31. Kg2 Bc6 32. Nd4 Bd7 33. Rc5 f6 34. Rc1 e5
35. Nf5+ Bxf5 36. Bxf5 Nxf5 37. gxf5 Kd6 38. e4 Rh4 39. Kg3 Rh7 40. a3 Rh8 41.
Rc4 b5 42. Rc2 Rh6 43. Rc1 Rh7 44. Rc8 Rc7 45. Rxc7 Kxc7 46. Kg4 Kd6 47. Kh5 Kc5
48. Kg6 Kc4 49. Kxf6 Kb3 50. Kxe5 Kxb2 51. f6 Kxa3 52. f7 Kb3 53. f8=Q a3 54.
Qc5 b4 55. Qc1 a2 56. Kd4 1-0

[Event "Titled Tue 3rd Jun Early"]
[Site "chess.com INT"]
[Date "2025.06.03"]
[Round "2"]
[White "Burmakin, Evgeniy"]
[Black "Khandhadia, Nivaan Rathin"]
[Result "1-0"]
[WhiteTitle "FM"]
[BlackTitle "CM"]
[WhiteElo "2110"]
[BlackElo "2112"]
[WhiteFideId "4163729"]
[BlackFideId "25753274"]
[EventDate "2025.06.03"]

1. e4 c5 2. Nf3 d6 3. d4 cxd4 4. Nxd4 Nf6 5. Nc3 g6 6. Be3 Bg7 7. f3 O-O 8. Bc4
Nc6 9. Qd2 Nxd4 10. Bxd4 Be6 11. Bb3 Qa5 12. O-O Nd7 13. Bxg7 Kxg7 14. Rad1 Nc5
15. f4 Nxb3 16. axb3 Bg4 17. Rde1 Rac8 18. h3 Bd7 19. e5 Bb5 20. Rf2 Rfd8 21. e6
f6 22. f5 g5 23. h4 h6 24. Qd1 Bc6 25. Qh5 Be8 26. Qg4 h5 27. Qg3 g4 28. Rf4 Bc6
29. Rxg4+ hxg4 30. Qxg4+ Kf8 31. Qh5 Qb6+ 32. Kh2 Qd4 33. Qf7# 1-0

[Event "Titled Tue 3rd Jun Early"]
[Site "chess.com INT"]
[Date "2025.06.03"]
[Round "2"]
[White "Khumalo, Keith"]
[Black "Shandrygin, Nikita"]
[Result "1-0"]
[WhiteTitle "CM"]
[BlackTitle "FM"]
[WhiteElo "2142"]
[BlackElo "2209"]
[WhiteFideId "14319470"]
[BlackFideId "24198668"]
[EventDate "2025.06.03"]

1. d4 d5 2. c4 Nc6 3. Nf3 Bg4 4. cxd5 Bxf3 5. gxf3 Qxd5 6. e3 e5 7. Nc3 Bb4 8.
Bd2 Bxc3 9. bxc3 Nf6 10. c4 Qd6 11. d5 Ne7 12. Qa4+ Nd7 13. Bb4 c5 14. Bc3 O-O
15. Bh3 f5 16. Rg1 a6 17. O-O-O b5 18. Qb3 Rab8 19. f4 g6 20. Qb2 bxc4 21. fxe5
Qc7 22. Qa1 Qb6 23. e6 Nf6 24. Bxf6 Nxd5 25. Rxd5 Rxf6 26. Bxf5 c3 27. e7 Qb2+
28. Qxb2 cxb2+ 29. Kb1 Kf7 30. Bc2 Kxe7 31. f4 Rb7 32. Rxc5 Re6 33. Re5 Rxe5 34.
fxe5 Rb5 35. Rg5 a5 36. Bb3 Kd7 37. h4 Ke7 38. h5 gxh5 39. Rxh5 Kf8 40. Rxh7
Rxe5 41. Rh3 Rb5 42. Rh4 Re5 43. e4 Rb5 44. Rh2 Kg7 45. Rxb2 Kf6 46. Bd5 Rc5 47.
Rb6+ Ke5 48. Kb2 Kd4 49. Rb3 a4 50. Rb4+ 1-0